Quizzes
Events
Quiz Creation
Community
Videos
Private Events
Remove Ads
Sign In
Join for FREE
Feedback
Dark Mode
Quiz Categories
Sports
Geography
Music
Movies
Television
Just For Fun
Miscellaneous
History
Literature
Language
Science
Gaming
Entertainment
Religion
Holiday
For Kids
Quiz Lab
Recent
Popular Today
Quiz Kudos Today
Editor Picks
Curator Picks
Quizzes by...
Day
Popularity
Type
Ratings
Length
Year
Community
Subscriptions
Recent Discussions
Orange Saloon
Badges
Playlists
Quests
Create
Leaderboards
Showdown
Live 5
Trivia Bingo
Activity
Puzzle Library
Sporcle Events
Private Events
Virtual Trivia
Globe League
Become a Host
Pub Owners
SporcleCon
Opinionation
Our Games
Videos
Blog
Mobile Apps
Partnerships
Remove Ads and Go Orange
Feedback
Sports
Athletes
MLB
NBA
NHL
NFL
Soccer
Sports Teams
WWE
NCAA
Football
Premier League
Basketball
Baseball
Hockey
Golf
Tennis
Cricket
Rugby
Auto Racing
Olympics
World Cup
Sports
Athletes
MLB
NBA
NHL
NFL
Soccer
Sports Teams
WWE
NCAA
Football
Premier League
Basketball
Baseball
Hockey
Golf
Tennis
Cricket
Rugby
Auto Racing
Olympics
World Cup
Random Quiz
Search Sporcle
×
Quiz Lab
Quiz Lab
Sports
Footballer
Type in answers that appear in a list
Type in answers that appear in a list
Classic
Best Score? Go Orange.
101 to 200 Best Footballers 2017 Stats
Can you name the 101 to 200 Best Footballers 2017?
By
znehila17
12m
100 Questions
210 Plays
210 Plays
210 Plays
Comments
Comments
Give Quiz Kudos
Give Quiz Kudos
-
- Ratings
hide this ad
Replay
Link that replays current quiz
Next Quiz
Link to next quiz in quiz playlist
You Got
0%
They Got
Avg Score
56%
Avg Friend Score
Upgrade to see
Score Distribution
Jump to the score distribution portion of the page
Score
0/100
Timer
12:00
0
Plays Today
Hint
Answer
% Correct
101. LM Juventus
Douglas Costa
82.9%
121. GK Real Madrid
Keylor Navas
82.4%
104. RM Chelsea
Willian
81.9%
107. CM Man Utd
Ander Herrera
78.1%
112. ST Roma
Edin Dzeko
76.7%
105. ST Juventus
Mario Mandzukic
76.2%
111. CB Arsenal
Shkodran Mustafi
75.7%
123. ST Chelsea
Alvaro Morata
75.7%
148. ST Monaco
Radamel Falcao
75.7%
185. RB Man City
Kyle Walker
75.2%
130. RW Man City
Raheem Sterling
74.8%
153. GK Leicester
Kasper Schmeichel
74.8%
143. CAM Man Utd
Juan Mata
74.3%
188. ST Liverpool
Roberto Firmino
74.3%
116. RM Chelsea
Pedro
72.4%
127. RW Liverpool
Mohamed Salah
72.4%
170. ST Man City
Gabriel Jesus
71.9%
135. LM Monaco
Thomas Lemar
71.4%
151. RM Stoke
Xherdan Shaqiri
71.4%
158. LW Man City
Leroy Sane
71.4%
102. CB Monaco
Kamil Glik
71%
126. CAM Shanghai SIPG
Oscar
71%
115. GK Barcelona
Marc-Andre ter Stegen
70.5%
144. CB Man City
Nicolas Otamendi
70%
172. LB Chelsea
Marcus Alonso
70%
194. CM Man City
Fernandinho
70%
131. CB Barcelona
Samuel Umtiti
69.5%
179. ST Arsenal
Olivier Giroud
69.5%
106. CM Man City
Yaya Toure
69%
118. CB Southampton
Virgil Van Dijk
69%
108. CDM Sporting
William Carvalho
68.6%
198. LB Tottenham
Danny Rose
67.6%
134. CB Chelsea
Cesar Azpilicueta
66.7%
157. CB Tottenham
Jan Vertonghen
66.7%
Hint
Answer
% Correct
142. CAM Everton
Gylfi Sigurdsson
65.7%
145. RB Tottenham
Serge Aurier
65.7%
109. ST Torino
Andrea Belotti
64.8%
119. LM Marseille
Dimitri Payet
64.3%
149. CM Tottenham
Moussa Dembele
64.3%
129. GK Bayer Leverkusen
Bernd Leno
63.3%
114. CB Atletico Madrid
Jose Maria Gimenez
62.9%
200. ST Liverpool
Daniel Sturridge
62.9%
113. CM Liverpool
Adam Lallana
62.4%
120. CDM Monaco
Fabinho
62.4%
175. GK PSG
Kevin Trapp
61%
177. CM Arsenal
Aaron Ramsey
61%
125. CB Bayern
Javi Martinez
60.5%
137. ST Atletico Madrid
Kevin Gameiro
60.5%
184. CB Man Utd
Eric Bailly
60.5%
187. CAM Everton
Ross Barkley
59.5%
176. CAM Real Madrid
Marco Asensio
58.6%
191. CDM Chelsea
Tiemoue Bakayoko
58.6%
139. CDM Sevilla
Steven Nzonzi
58.1%
154. CM Barcelona
Andre Gomes
58.1%
164. CM RB Leipzig
Naby Keita
58.1%
199. CB Liverpool
Joel Matip
58.1%
128. CM Atletico Madrid
Saul
57.1%
132. RM Juventus
Juan Cuadrado
57.1%
133. CB Juventus
Mehdi Benatia
55.7%
122. CB Schalke
Benedikt Howedes
55.2%
165. GK Monaco
Daniel Subasic
54.8%
160. RW Shanghai SIPG
Hulk
53.8%
103. CDM Barcelona
Javier Mascherano
53.3%
190. LW Bayern
Kingsley Coman
53.3%
180. ST Lazio
Ciro Immobile
52.9%
140. CB Roma
Kostas Manolas
52.4%
166. CM Atletico Madrid
Gabi
52.4%
110. CM PSG
Javier Pastore
51.4%
Hint
Answer
% Correct
161. CB Napoli
Kalidou Koulibaly
51.4%
168. RW Napoli
Jose Callejon
49.5%
136. CM Everton
Idrissa Gueye
49%
117. RB Dortmund
Lukasz Piszczek
48.1%
196. CB Athletic Bilbao
Aymeric Laporte
48.1%
150. CDM Roma
Daniele De Rossi
46.7%
155. CDM Dortmund
Julian Weigl
46.2%
156. RB Monaco
Djibril Sidibe
45.2%
167. CM Roma
Kevin Strootman
44.3%
171. CM Schalke
Leon Goretzka
43.3%
181. RB Juventus
Stephan Lichtsteiner
43.3%
182. RB Roma
Alessandro Florenzi
43.3%
195. GK Sporting
Rui Patricio
42.4%
189. LB Koln
Jonas Hector
41%
169. CB Lazio
Stefan De Vrij
39%
197. GK Flamengo
Diego Alves
38.6%
183. CDM West Brom
Gregorz Krychowiak
37.6%
147. CM Barcelona
Arda Turan
36.7%
186. CM Bayern
Corentin Tolisso
35.2%
192. LB Dortmund
Raphael Guerreiro
34.3%
141. CAM Jiangsu Suning
Alex Teixeira
33.3%
124. RM Spartak
Quincy Promes
31.4%
146. CM Tianjin Quanjian
Axel Witsel
31%
152. LM Atletico Madrid
Nico Gaitan
31%
159. CB Dortmund
Omer Toprak
30.5%
173. CDM Milan
Lucas Biglia
29.5%
138. CF Monchengladbach
Lars Stindl
28.6%
163. CDM Porto
Danilo Pereira
28.1%
178. CB Valencia
Ezequiel Garay
27.1%
174. ST Tianjin Quanjian
Anthony Modeste
21%
162. ST PSG
Kylian Mbappe Lottin
15.2%
193. CDM Marseille
Morgan Sanson
11.9%
Quiz Playlist
Details
Report
Send in Message
Add To Playlist
Classic:
Type in answers that appear in a list
Last Updated: Sep 9, 2017
Quiz Scoreboard
CHALLENGE
Sign Up to Join the Scoreboard
Show All
Scores
Hide
Comments
May contain spoilers
Recently Published
Billboard Blitz: Fleetwood Mac
by CooCooCachoo
Music
15s
Presidents Visiting Landmarks
by Hejman
History
7m
An Introduction to Baseball
by treessimontrees
Sports
5m
More to Explore
Quiz From the Vault
Featured Blog Post
Where Did the Easter Bunny Come From?
hide this ad
You Might Also Like...
Tags
Footballer
Today's Top Quizzes in Sports
Browse Sports
hide this ad
Today's Top Quizzes in Footballer
Browse Footballer
Top Contributed Quizzes in Sports
1
Les meilleurs buteurs des matchs entre le PSG et l’OM
2
2022 World Cup Stars
3
FIFA Club World Cup Champions
4
Les entraîneurs de l'OM et du PSG au 21e siècle
5
Criteria MLB: Left Handed Sluggers
6
Name the Premier League winners with different clubs
7
5-to-1: UK Sports Teams
8
AFC Teams Reveal (Wrong Answers Minefield)
9
Players with Multiple 50 Home Run Seasons
10
5-to-1: FBS Animal Nicknames
Explore More
Trending Topics
Kpop
Harry Potter
Marvel
Disney
Crossword
Anime
NBA
The Office
Song
Soccer
WWE
NFL
Pokémon
Country
Puzzle
hide this ad
More By:
znehila17
Quiz
Plays
Rating
Category
Featured
Created
Top 100 Footballers in the World 2018
1,560
5.00
Sports
Jan 13, 2018
Top 100 Premier League Footballers 2017
653
5.00
Sports
Jul 20, 2017
Top 50 European Footballers 2017
516
5.00
Sports
Jul 19, 2017
Top 100 Footballers in the World 2017
503
5.00
Sports
Jul 13, 2017
Top 50 South American Footballers 2017
405
Sports
Jul 19, 2017
Go to Creator's Profile
Score Distribution
Quiz Creator Spotlight
znehila17
Follow
Send a Message
Quizzes Created
-
Created Quiz Play Count
-
More By This Creator
Popular Quizzes Today
1
Find the US States - No Outlines Minefield
2
Find the Countries of Europe - No Outlines Minefield
3
The Countries of the World
4
Find the US States
5
US States
6
Risky Map Clicking: Biggest States A-Z
7
Popular People in 1961
8
Movies - When Are They Set?
More Sports Quizzes
NCAA Tournament Finalists Without Wins
Published
Trending Quizzes
Risky Map Clicking: Least Populous States A-Z
1-10 Letter G Words
1-10 Letter F Words
Risky Map Clicking: Next State Alphabetically
Risky Map Clicking: Biggest States A-Z
Recently Updated
Leaping Animals
pecheneg
Reality TV Shows (A-Z)
bhenderson79
Rickey Henderson's Hall of Fame Teammates
pecheneg
Champions League XIs: Arsenal
pecheneg
Quick Pick: Celebrities in WWE's Hall of Fame
aduchscher
A-Z Keypad Blitz II
pecheneg
Multiple Oscar Actors
pecheneg
Mystery Phrase Blitz: Oscar 'Best Actors'
pecheneg
F. Scott Fitzgerald Novels
LTH
Pick 3 Villains
ddd62291
Trending Topics
Kpop
Anime
Disney
Harry Potter
Marvel
Crossword
NBA
NFL
The Office
WWE
Pokémon
Puzzle
Country
Song
Soccer
Your Account Isn't Verified!
In order to create a playlist on Sporcle, you need to verify the email address you used during registration. Go to your
Sporcle Settings
to finish the process.
Report this User
Report this user for behavior that violates our
Community Guidelines
.
Details:
Send Report
Go to the Sporcle.com Mobile Site →
Comments